Religiozita občanov Slovenska a názory na postavenie cirkvi v spoločnosti
Salvato in:
| Natura: | Libro |
|---|---|
| Lingua: | slovacco |
| Pubblicazione: |
Bratislava
Štatistický úrad Slovenskej republiky
1995
|
| Serie: | Štatistické analýzy a informácie
|
| Soggetti: | |
| Tags: |
Nessun Tag, puoi essere il primo ad aggiungerne!!
|
MARC
| LEADER | 00000nam a2200000 4500 | ||
|---|---|---|---|
| 001 | c017101 | ||
| 005 | 20251209124905.2 | ||
| 041 | 0 | |a slo | |
| 044 | |a SK | ||
| 245 | 1 | 0 | |a Religiozita občanov Slovenska a názory na postavenie cirkvi v spoločnosti |
| 264 | 1 | |a Bratislava |b Štatistický úrad Slovenskej republiky |c 1995 | |
| 300 | |a 33 s. | ||
| 490 | 1 | |a Štatistické analýzy a informácie | |
| 830 | 0 | |a Štatistické analýzy a informácie | |
| 610 | 2 | 0 | |a Slovensko |
| 610 | 2 | 0 | |a náboženstvo |
| 610 | 2 | 0 | |a cirkev |